01027 a2200181 45000010006000000050017000060080041000230030015000640400040000790800031001192450052001502500017002022640044002193000019002635050506002821000031007887000026008192668120260407155545.0260407a1971 arg spa dAR-UNSa-BCEJYS aAR-UNSa-BCEJYSbspacAR-UNSa-BCEJYS a347(094.4)xCódigo Civil10aCódigo civil y leyes complementarias anotados a2a. ed. act. 1aBuenos Aires :bEdiciones Depalmac1971 a627 p.c23 cm. aI. De las personas: 1. De las personas en general - 2. De los derechos personales en las relaciones de familia - II. De los derechos personales en las relaciones civiles: A- 1. De las obligaciones en general - 2. De las obligaciones con relación a su objeto - 3. De las obligaciones con relación a las personas - B- 1. Extinción de las obligaciones - 2. De los hechos y actos jurídicos que producen la adquisición, modificación, transferencia o extinción de los derechos y obligaciones. 1 aArgentina [Código Civil]1 aSalas, Acdeel Ernesto